000
00511nam a2200181Ia 4500
008
090123s9999 xx 000 0 und d
082
_b
1096
100
_a
घाटे विठ्टलराव
245
_a
मनोगते
250
_a
1
260
_b
भागवत वा.पु.
300
_a
140
600
_a
घाटे विठ्टलराव
630
_a
मनोगते
700
_a
घाटे विठ्टलराव
730
_a
मनोगते
942
_c
BOOK
999
_c
39180
_d
39180